L'educació de l'home i el jardí d'infants / Friedrich Fröbel ; pròleg de Marta Mata i Pepa Òdena ; traducció de Jaume Tió
Descripción Física:
LII, 355 p. ; 20 cm
Colección:
Textos pedagògics; 19
Materias:
Pedagogia
MARC
| LEADER | 00000nam a2200000Ia 4500 | ||
|---|---|---|---|
| 001 | 8956 | ||
| 008 | 160829s1989 xx 000 0 cat d | ||
| 080 | |a E-1-136 | ||
| 100 | |a Fröbel, Friedrich |9 28830 | ||
| 245 | |a L'educació de l'home i el jardí d'infants / Friedrich Fröbel ; pròleg de Marta Mata i Pepa Òdena ; traducció de Jaume Tió | ||
| 260 | |a Vic : |b Eumo ; Barcelona : |b Diputació de Barcelona, |c 1989 | ||
| 300 | |a LII, 355 p. ; |c 20 cm | ||
| 490 | |a Textos pedagògics; 19 | ||
| 650 | |a Pedagogia |9 35391 | ||
| 700 | 1 | |a Mata, Marta, |d 1926-2006 |e autor del pròleg |9 28831 | |
| 700 | |a Òdena, Pepa, |d 1939- |e autor del pròleg |9 29183 | ||
| 700 | 1 | |a Tió, Jaume, |d 1950- |e traductor |9 35398 | |
| 710 | 1 | |a Barcelona (Catalunya : Província). |b Diputació |9 52408 | |
| 901 | |a Arxiu | ||
| 942 | |n 1 |2 udc | ||
| 952 | |0 0 |1 0 |4 0 |6 E1136 |7 1 |9 44954 |a Arxiu |b Arxiu |d 2016-12-01 |l 0 |o E-1-136 |p 8956 |r 2016-12-01 00:00:00 |w 2016-12-01 |y ARXIU | ||
| 999 | |c 47553 |d 47553 | ||